Field theory, the renormalization group, and critical phenomena
Uloženo v:
| Hlavní autor: | |
|---|---|
| Médium: | Kniha |
| Jazyk: | angličtina |
| Vydáno: |
Singapur
World Scientific
1984
|
| Vydání: | 2a. ed |
| Témata: | |
| Tagy: |
Přidat tag
Žádné tagy, Buďte první, kdo vytvoří štítek k tomuto záznamu!
|
MARC
| LEADER | 00000nam a2200000 a 4500 | ||
|---|---|---|---|
| 001 | UCK3637 | ||
| 003 | CL-VaPUC | ||
| 008 | 050506e19840000si |||||||||||||||||eng|d | ||
| 020 | |a 9971966115 | ||
| 082 | 0 | 4 | |a 530.14 |b AMI |2 21 |
| 100 | 0 | |a Amit, Daniel J |e author |9 491819 | |
| 245 | 1 | 0 | |a Field theory, the renormalization group, and critical phenomena |
| 250 | |a 2a. ed | ||
| 300 | |a 394 p | ||
| 942 | |c BK | ||
| 945 | |d 20050506 00:00:00 |a cmena | ||
| 260 | |a Singapur |b World Scientific |c 1984 | ||
| 650 | 0 | |a Teoría de campos |9 316480 | |
| 650 | 7 | |a FENOMENO CRITICO |2 CL-VaPUC |9 486647 | |
| 650 | 0 | |a Funciones (Matemáticas) |9 338128 | |
| 650 | 0 | |a Ecuaciones |9 260137 | |
| 583 | |a last modification |c 20171221 03:10:33 |k Rodrigo Vera | ||
| 999 | |c 312756 |d 312754 | ||
| 952 | |0 0 |1 0 |4 0 |6 530_140000000000000_AMI_1984 |7 0 |8 A |9 383478 |a BIBCUR |b BIBCUR |d 2019-11-21 |i 412085K |o 530.14 AMI 1984 |p 412085K |r 2025-04-22 |w 2019-11-21 |y BK |k FIS | ||